01381nam a2200349Ia 4500001001200000003000800012006001900020007001500039008004100054010001700095020002500112020002200137040002100159035002100180050002300201100002400224245008300248246004200331246003900373246004300412260005800455300002400513504005100537533015200588650003800740650001800778650004600796655002900842710001700871856012600888999001701014ebr10282719CaPaEBRm u cr cn|||||||||080831s2009 maua sb 001 0 eng d z 2008935220 z9781598638769 (pbk.) z1598638769 (pbk.) aCaPaEBRcCaPaEBR a(OCoLC)56061934214aHG177b.K33 2009eb1 aKachinske, Timothy.10a90 days to success in fundraisingh[electronic resource] /cTimothy Kachinske.30aNinety days to success in fundraising3 a90 days to success in fund raising3 aNinety days to success in fund raising aBoston :bCourse Technology/Cengage Learning,cc2009. axvi, 272 p. :bill. aIncludes bibliographical references and index. aElectronic reproduction.bPalo Alto, Calif. :cebrary,d2009.nAvailable via World Wide Web.nAccess may be limited to ebrary affiliated libraries. 0aNonprofit organizationsxFinance. 0aFund raising. 0aFund raisingxComputer network resources. 7aElectronic books.2local2 aebrary, Inc.40uhttp://site.ebrary.com/lib/rucke/Doc?id=10282719zAn electronic book accessible through the World Wide Web; click to view c18519d18519